Aprende el abcdario con el ratoncillo sabio / (Record no. 29431)

MARC details
000 -LEADER
fixed length control field 00625 a2200217 4500
001 - CONTROL NUMBER
control field sjds
003 - CONTROL NUMBER IDENTIFIER
control field sjds
005 - DATE AND TIME OF LATEST TRANSACTION
control field 20240422105017.0
008 - FIXED-LENGTH DATA ELEMENTS--GENERAL INFORMATION
fixed length control field 240422b |||||||| |||| 00| 0 spa d
020 ## - INTERNATIONAL STANDARD BOOK NUMBER
International Standard Book Number 9788467208924
020 ## - INTERNATIONAL STANDARD BOOK NUMBER
International Standard Book Number 8467208929
040 ## - CATALOGING SOURCE
Transcribing agency sjds
041 ## - LANGUAGE CODE
Language code of text/sound track or separate title spa
100 ## - MAIN ENTRY--PERSONAL NAME
Personal name Besora, Ramon
245 ## - TITLE STATEMENT
Title Aprende el abcdario con el ratoncillo sabio /
Statement of responsibility, etc. Ramon Besora, Francesc Rovira
246 ## - VARYING FORM OF TITLE
Title proper/short title Aprende el abcdario con el ratoncillo sabio
260 ## - PUBLICATION, DISTRIBUTION, ETC. (IMPRINT)
Place of publication, distribution, etc. Barcelona :
Name of publisher, distributor, etc. Cr̕culo de Lectores,
Date of publication, distribution, etc. [2004]
300 ## - PHYSICAL DESCRIPTION
Extent [58] p. ;
Other physical details . il. color ;
Accompanying material 1 dp̕tico
700 1# - ADDED ENTRY--PERSONAL NAME
Personal name Rovira, Francesc
942 ## - ADDED ENTRY ELEMENTS (KOHA)
Koha item type Kit
Source of classification or shelving scheme Dewey Decimal Classification
Holdings
Withdrawn status Lost status Damaged status Not for loan Home library Current library Date acquired Total Checkouts Barcode Checked out Date last seen Date checked out Price effective from Koha item type
        San Juan Del Sur -- Mobile Ostional 18/04/2024 4 33016174 24/10/2024 17/10/2024 17/10/2024 18/04/2024 Libro/Book

Powered by Koha